Lịch sử thế giới hiện đại

Đã lưu trong:
書目詳細資料
主要作者: Nguyễn Anh Thái...[et al.]
格式: 圖書
語言:Undetermined
出版: Hà Nội Giáo Dục 2001
主題:
標簽: 添加標簽
沒有標簽, 成為第一個標記此記錄!
Thư viện lưu trữ: Trung tâm Học liệu Trường Đại học Cần Thơ
LEADER 00514nam a2200169Ia 4500
001 CTU_47422
008 210402s9999 xx 000 0 und d
082 |a 940.3 
082 |b L302/2001 
100 |a Nguyễn Anh Thái...[et al.] 
245 0 |a Lịch sử thế giới hiện đại 
245 0 |c Nguyễn Anh Thái...[et al.] 
260 |a Hà Nội 
260 |b Giáo Dục 
260 |c 2001 
650 |a world history - 1917-1995 
980 |a Trung tâm Học liệu Trường Đại học Cần Thơ